书目信息 |
| 题名: |
未来与选择:关于可持续发展的哲学思考
|
|
| 作者: | 林娅 著 | |
| 分册: | ||
| 出版信息: | 北京 中国环境科学出版社 1998.11 |
|
| 页数: | 164页 | |
| 开本: | 32开 | |
| 丛书名: | ||
| 单 册: | ||
| 中图分类: | X22 | |
| 科图分类: | ||
| 主题词: | 环境--综合研究 | |
| 电子资源: | ||
| ISBN: | 7-80135-639-X | |
| 000 | 00585nam0 2200193 45 | |
| 001 | 0007191029 | |
| 005 | 20000719100338.5 | |
| 010 | @a7-80135-639-X | |
| 100 | @a20000719d1998 km y0chiy0120 ea | |
| 101 | 0 | @achi |
| 105 | @a z 000yy | |
| 200 | 1 | @a未来与选择:关于可持续发展的哲学思考@AWei Lai Yu Xuan Ze:Guan Yu Ke Chi Xu Fa Zhan De ZheXue Si Kao@f林娅著@FLin Ya Zhu |
| 210 | @a北京@c中国环境科学出版社@d1998.11 | |
| 215 | @a164页@d32开 | |
| 606 | 0 | @a环境@x综合研究 |
| 690 | @aX22@v3 | |
| 701 | 0 | @a林娅@4著 |
| 801 | @aCN@bPftUser@c20000719 | |
| 905 | @b69327-346@dX22@eL.023@f20 | |
| 未来与选择:关于可持续发展的哲学思考/林娅著.-北京:中国环境科学出版社,1998.11 |
| 164页;32开 |
| ISBN 7-80135-639-X: |
| ● |
| 相关链接 |
|
|
|
正题名:未来与选择:关于可持续发展的哲学思考
索取号:X22/L.023
 
预约/预借
| 序号 | 登录号 | 条形码 | 馆藏地/架位号 | 状态 | 备注 |
| 1 | 69327 | 200693277 | 自科库501/400A自科库 29排1列2层/ [索取号:X22/L.023] | 在馆 | |
| 2 | 69328 | 200693286 | 自科库501/400A自科库 29排1列3层/ [索取号:X22/L.023] | 在馆 | |
| 3 | 69329 | 200693295 | 自科库501/201建筑库 58排4列3层/ [索取号:X22/L.023] | 在馆 | |
| 4 | 69330 | 200693302 | 自科库501/201建筑库 58排4列3层/ [索取号:X22/L.023] | 在馆 | |
| 5 | 69331 | 200693311 | 自科库501/201建筑库 58排4列3层/ [索取号:X22/L.023] | 在馆 | |
| 6 | 69332 | 200693320 | 自科库501/201建筑库 58排4列3层/ [索取号:X22/L.023] | 在馆 | |
| 7 | 69333 | 200693339 | 自科库501/201建筑库 58排4列3层/ [索取号:X22/L.023] | 在馆 | |
| 8 | 69334 | 200693348 | 自科库501/201建筑库 58排4列3层/ [索取号:X22/L.023] | 在馆 | |
| 9 | 69335 | 200693357 | 自科库501/201建筑库 58排4列3层/ [索取号:X22/L.023] | 在馆 | |
| 10 | 69336 | 200693366 | 自科库501/201建筑库 58排4列3层/ [索取号:X22/L.023] | 在馆 | |
| 11 | 69337 | 200693375 | 自科库501/201建筑库 58排4列3层/ [索取号:X22/L.023] | 在馆 | |
| 12 | 69338 | 200693384 | 自科库501/201建筑库 58排4列3层/ [索取号:X22/L.023] | 在馆 | |
| 13 | 69339 | 200693393 | 自科库501/201建筑库 58排4列3层/ [索取号:X22/L.023] | 在馆 | |
| 14 | 69340 | 200693400 | 自科库501/201建筑库 58排4列3层/ [索取号:X22/L.023] | 在馆 | |
| 15 | 69341 | 200693419 | 自科库501/201建筑库 58排4列3层/ [索取号:X22/L.023] | 在馆 | |
| 16 | 69342 | 200693428 | 自科库501/ [索取号:X22/L.023] | 在馆 | |
| 17 | 69343 | 200693437 | 自科库501/201建筑库 58排4列3层/ [索取号:X22/L.023] | 在馆 | |
| 18 | 69344 | 200693446 | 自科库501/201建筑库 58排4列3层/ [索取号:X22/L.023] | 在馆 | |
| 19 | 69345 | 200693455 | 自科库501/201建筑库 58排4列3层/ [索取号:X22/L.023] | 在馆 | |
| 20 | 69346 | 200693464 | 自科库501/201建筑库 58排4列3层/ [索取号:X22/L.023] | 在馆 |